000 00354nam a2200133Ia 4500
008 240624s9999 xx 000 0 und d
041 _aeng
082 _a658.8 MAC
100 _aMACLARAN PAULINE
245 _aSAGE HANDBOOK OF MARKETING THEORY
260 _c2011
_aLondon
_bSage Publications
300 _axviii, : 523 : p. : cm. ; 25
365 _cGBP
_b30
999 _c19797
_d19797